Sports Quiz

Random Sports or Famous Quiz

Boca Juniors famous players by photo (Slideshow) Quiz Stats

 Plays Quiz not verified by Sporcle

Score 0/35 Timer 13:00
0 Plays Today
% Correct
Diego Maradona
97.4%
Carlos Tévez
93.2%
Juan Roman Riquelme
90.6%
Gabriel Batistuta
88.9%
Martín Palermo
85.5%
Rodrigo Palacio
80.3%
Roberto Abbondanzieri
79.5%
Éver Banega
79.5%
Walter Samuel
79.5%
Fernando Gago
78.6%
Gary Medel
78.6%
Claudio Caniggia
75.2%
Nicolás Burdisso
72.6%
Óscar Córdoba
56.4%
Kily González
55.6%
Hugo Gatti
53%
Oscar Ruggeri
53%
Guillermo Barros Schelotto
52.1%
% Correct
Gabriel Paletta
50.4%
Rodolfo Arruabarrena
48.7%
Nicolás Gaitán
48.7%
Clemente Rodríguez
47.9%
Carlos Navarro Montoya
47%
Jorge Bermúdez
46.2%
Sebastián Battaglia
44.4%
Hugo Ibarra
44.4%
Marcelo Delgado
39.3%
Fabián Vargas
36.8%
Alphonse Tchami
29.9%
Néstor Fabbri
27.4%
José Basualdo
26.5%
Alberto Tarantini
26.5%
Francisco Varallo
12.8%
José Luis Cuciuffo
12%
Delfín Benítez
6.8%

You're not logged in!

Compare scores with friends on all Sporcle quizzes.
Join for Free
OR
Log In

You Might Also Like...

Show Comments

Extras

Top Quizzes Today


Score Distribution

Your Account Isn't Verified!

In order to create a playlist on Sporcle, you need to verify the email address you used during registration. Go to your Sporcle Settings to finish the process.

Report this User

Report this user for behavior that violates our Community Guidelines.

Details: